| 000 | 00438nam a22001577a 4500 | ||
|---|---|---|---|
| 020 | _a9780070702080 | ||
| 082 | _a005.8 FOR | ||
| 100 | _aForouzan, Behrouz A. | ||
| 245 | _aCryptography and network security | ||
| 250 | _a2nd ed. | ||
| 260 |
_aNew Delhi, India _bMcGraw Hill _c2010 |
||
| 300 |
_axxiv, 702 p. _bill. ; |
||
| 500 | _aIncludes index. | ||
| 650 | _a1. Computer networks -- Security measures. 2. Cryptography. | ||
| 942 | _cBK | ||
| 999 |
_c12488 _d12488 |
||